| 000 | 02158cam a2200577 4500 | ||
|---|---|---|---|
| 001 | 21782 | ||
| 003 | VRT | ||
| 005 | 20260309143915.0 | ||
| 008 | 180105s2017 xo a b 000 0 slo | ||
| 015 | _aSNBA2018/02 | ||
| 020 |
_a9788056700617 _q(viazané) |
||
| 039 | 9 |
_a202201201858 _bAUTHORITY _c201911210806 _dAUTHORITY _c201905301025 _dmsnk134 _c201802080841 _dmsnk21 |
|
| 040 |
_aPOKPOH _bslo _cPOKPOH _dSNK _erda |
||
| 041 | 1 |
_aslo _heng |
|
| 044 |
_axo _cSK |
||
| 072 | 7 |
_a0/9-053.2 _xLiteratúra pre deti a mládež (náučná) _2konspekt |
|
| 072 | 7 |
_a00 _xVeda. Všeobecnosti. Základy vedy a kultúry. Vedecká práca _2konspekt |
|
| 080 |
_a611/612 _22011 |
||
| 080 |
_a(084.11) _22011 |
||
| 080 |
_a(0.05) _22011 |
||
| 080 |
_a0/9 _22011 |
||
| 130 | 0 |
_a60 Amazing and Curious Facts about Human Body _lSlovensky |
|
| 245 | 1 | 0 |
_a60 úžasne zaujímavých skutočností _pĽudské telo _cpreklad Jitka Madarásová |
| 246 | 3 | _aŠesťdesiat úžasne zaujímavých skutočností | |
| 246 | 3 | 0 | _aĽudské telo |
| 250 | _aPrvé slovenské vydanie | ||
| 264 | 1 |
_aBratislava _bSvojtka & Co., s.r.o. _c2017 |
|
| 300 |
_a13 strán _bilustrácie _c28 cm |
||
| 336 |
_atext _btxt _2rdacontent |
||
| 336 |
_astatický obraz _bsti _2rdacontent |
||
| 337 |
_abez média _bn _2rdamedia |
||
| 338 |
_azväzok _bnc _2rdacarrier |
||
| 500 | _aNázov z obalu | ||
| 500 | _aKartónové listy | ||
| 500 | _aNa obale nad názvom: Kniha s otváracími okienkami | ||
| 650 | 0 | 7 |
_aľudské telo _2SNKPH |
| 650 | 0 | 7 |
_aHuman body _2SNKPHeng |
| 650 | 0 | 7 |
_avšeobecnosti a zaujímavosti _2SNKPH |
| 650 | 0 | 7 |
_aGeneral knowledge _2SNKPHeng |
| 650 | 0 | 7 |
_avšeobecné vedomosti _2SNKPH |
| 650 | 0 | 7 |
_aGeneral and attractions _2SNKPHeng |
| 655 | 7 |
_aPictorial works _2SNKPHeng |
|
| 655 | 7 |
_apublikácie pre deti _2SNKPH |
|
| 655 | 7 |
_aChildren's literature _2SNKPHeng |
|
| 655 | 7 |
_aobrazové publikácie _2SNKPH |
|
| 700 | 1 |
_aMadarásová, Jitka _4trl |
|
| 942 |
_2ddc _cOLDE _n0 |
||
| 949 |
_6270001000582090 _asvkbbC 62483 _bsvkbbm 772838 |
||
| 949 |
_617A1305261 _asnkSB 92216 D1 _bsnk2017/26544 _o2497/2017 |
||
| 949 |
_617A1305262 _asnkSB 92216 _bsnk2017/26545 _o2497/2017 |
||
| 999 |
_c21782 _d21782 |
||